| 000 | 00768nam a2200217Ia 4500 | ||
|---|---|---|---|
| 005 | 20241129105901.0 | ||
| 008 | 241129s9999||||xx |||||||||||||| ||und|| | ||
| 020 | _a978-81-7883-213-5 | ||
| 037 | _aTB | ||
| 040 |
_aARTS _bpun _cARTS |
||
| 041 |
_apun _2pun |
||
| 084 |
_aMY.243 153R0 _qARTS |
||
| 100 | _aਮਾਦਪੁਰੀ, ਸੁਖਦੇਵ, ਚ। | ||
| 245 | 0 |
_aਪੰਜਾਬ ਦੀਆਂ ਵਿਰਾਸਤੀ ਖੇਡਾਂ _cਮਾਦਪੁਰੀ, ਸੁਖਦੇਵ, ਚ। |
|
| 260 |
_aਲੁਧਿਆਨਾ, ਭਾਰਤ _bਲੁਧਿਆਨਾ ਚੇਤਨਾ ਪ੍ਰਕਾਸ਼ਨ _c2009 |
||
| 300 | _a142ਪ੍ਰ0 | ||
| 365 |
_aINR _b200 |
||
| 650 | _aUseful Arts | ||
| 942 |
_cTB _hMY.243 153R0 |
||
| 999 |
_c1226429 _d1226429 |
||